000 00293nam a22001337a 4500
008 171027b xxu||||| |||| 00| 0 eng d
020 _a9780256116199
041 _aeng
080 _23 ED
_a336
100 _a56
101 _aFIN
245 _aPERSONAL FINANCE
_cKAPOOR.D
942 _2udc
_cBK
999 _c36127
_d36127